| Registos Bibliográficos associados ao registo de autoridade |
|
Etiqueta de registo: 00254nam 2200025 450 001 2289084 003 http://id.bnportugal.gov.pt/bib/catbnp/2289084 010 ## $a978-989-36408-0-7 021 ## $aPT$b511707/25 100 ## $a20260629d2025 m y0pory01030103ba 101 0# $apor 102 ## $aPT 105 ## $aa z 000yy 106 ## $ar 200 1# $a Os cursos de férias realizado na Escola de Farmácia (1938-1949)$ecatálogo de exposição$fMaria Rodrigues, Victoria Bell 210 #9 $aCoimbra$cLaboratório de Sociofarmácia e Saúde Pública da Faculdade de Farmácia da Universidade
de Coimbra,$d2025 215 ## $a[24] p.$cil.$d21 cm 225 2# $a3º Ciclo de Exposições Temas de Saúde, Farmácia e Sociedade 700 #1 $96$aRodrigues,$bMaria$32001965 701 #1 $aBell,$bVictoria$4070$31618610 801 #0 $aPT$bBN$gRPC 966 ## $lBN$mFGMON$x1 971 ## $cjbeatriz$d20260629
|
|
|